| 000 -LEADER | |
|---|---|
| fixed length control field | 00506nam a22001817a 4500 |
| 005 - DATE AND TIME OF LATEST TRANSACTION | |
| control field | 20251204165641.0 |
| 008 - FIXED-LENGTH DATA ELEMENTS--GENERAL INFORMATION | |
| fixed length control field | 251203b |||||||| |||| 00| 0 eng d |
| 020 ## - INTERNATIONAL STANDARD BOOK NUMBER | |
| ISBN | 978-1-265-12303-1 |
| 041 ## - LANGUAGE CODE | |
| Language code of text/sound track or separate title | eng |
| 082 ## - DEWEY DECIMAL CLASSIFICATION NUMBER | |
| Classification number | 579 - WIL-P |
| 100 ## - MAIN ENTRY--AUTHOR NAME | |
| Personal name | WILLEY, JOANNG M. & SANDMAN, KATHLEEN M AND WOOD, DOROTHY H. |
| 245 ## - TITLE STATEMENT | |
| Title | PRESCOTT'S MICROBIOLOGY [ 12 ED.] |
| 250 ## - EDITION STATEMENT | |
| Edition statement | 12TH ED. |
| 260 ## - PUBLICATION, DISTRIBUTION, ETC. (IMPRINT) | |
| Place of publication | NEW YORK |
| Name of publisher | McGRAW HILL |
| Year of publication | 2023 |
| 300 ## - PHYSICAL DESCRIPTION | |
| Number of Pages | 1-40;P |
| 650 ## - SUBJECT ADDED ENTRY--TOPICAL TERM | |
| Topical Term | PARAMEDICAL |
| General subdivision | BMIRT |
| 942 ## - ADDED ENTRY ELEMENTS (KOHA) | |
| Koha item type | Books |
| Lost status | Damaged status | Collection code | Home library | Current library | Shelving location | Date acquired | Source of acquisition | Cost, normal purchase price | Serial Enumeration / chronology | Full call number | Accession Number | Koha item type |
|---|---|---|---|---|---|---|---|---|---|---|---|---|
| PARAMEDICAL | JRU Library | JRU Library | SHELF-104-D | 01/12/2025 | PURCHASE | 8995.00 | LBI-000811/28-11-2025 | 579 - WIL | 29241 | Books |